Ten from Infinity /

Gespeichert in:
Bibliographische Detailangaben
1. Verfasser: Jorgensen, Ivar (autor)
Format: Buch
Sprache:Englisch
Veröffentlicht: Nueva York, EUA : Monarch Books, 1963, c1963
Schlagworte:
Tags: Tag hinzufügen
Keine Tags, Fügen Sie das erste Tag hinzu!

MARC

LEADER 00000nam^a2200000^a^4500
001 000395904
005 20250521000000.0
009 20260310121414.863
025 |a Donación Eduardo Wriedt, 1 ejemplar 
037 |a Acervo ITESO - Biblioteca 
041 |a ING 
091 |a FAW. 01427 
100 |a Jorgensen, Ivar  |e (autor) 
245 1 0 |a Ten from Infinity /  |c I. Jorgensen. 
264 4 |a Nueva York, EUA :  |b Monarch Books,  |c 1963, c1963 
300 |a 139 p. 
336 |a texto  |b txt  |2 rdacontenido 
337 |a sin mediación  |b n  |2 rdamedio 
338 |a volumen  |b nc  |2 rdasoporte 
649 |a XX 
650 |a Novela Norteamericana 
650 |a Literatura Norteamericana -  |y Siglo XX 
650 |a Literatura de Ciencia-Ficción -  |z EUA 
650 |a Literatura Popular -  |z EUA 
910 |a Fondo Adolfo J. Wriedt Kentzler 
920 |a Impresos - Libros 
930 |a Fondos Especiales 
940 |a Literatura 
905 |a 128 
901 |a 0500290929  |b IT2  |c ESP  |i D85755  |u 20250521 
902 |a https://opac.biblio.iteso.mx/vufind/Record/000395904